000 01073cam a2200229 4500
001 WB3924-01
008 030624n2003 000 0 eng u
035 _a(Sirsi) u122709
245 _aPrivate sector puts brakes on
260 _c2003
490 _aConstruction Products Association Press Release
_v 23 June 2003 (3)
520 _aThe Construction Products Association (CPA) has predicted that private sector growth is forecast to fall sharply over the next three years. The cooling housing market is predicted to reduce the number of private housing starts and difficulties in the office market is forecast to affect office construction activity. Retail and leisure construction activity will also be affected. The CPA forecasts that the construction industry will become more dependent upon government PFI schemes. Table.
590 _aWB
650 _aCONSTRUCTION INDUSTRY
650 _aPFI
650 _aHOUSE BUILDING
650 _aOFFICE SECTOR
650 _aLEISURE SECTOR
650 _aRETAIL SECTOR
690 _aBUILT ENVIRONMENT
942 _n0
999 _c72904
_d72904